Phòng, chống tội lạm dụng tín nhiệm chiếm đoạt tài sản trên địa bàn tỉnh Cà Mau : Luận văn thạc sĩ luật học. Chuyên ngành Luật kinh tế

Đề tài hệ thống hóa cơ sở lý luận, đánh giá thực trạng về tình hình tội lạm dụng tín nhiệm chiếm đoạt tài sản và đề xuất giải pháp phòng chống tội này.

Guardado en:
Detalles Bibliográficos
Autor principal: Quách, Hữu Nghị
Formato: Libro
Lenguaje:Undetermined
Publicado: Cần Thơ Trường Đại học Cần Thơ 2015
Materias:
Etiquetas: Agregar Etiqueta
Sin Etiquetas, Sea el primero en etiquetar este registro!
Thư viện lưu trữ: Trung tâm Học liệu Trường Đại học Cần Thơ
LEADER 01072nam a2200217Ia 4500
001 CTU_201804
008 210402s9999 xx 000 0 und d
082 |a 345.026 
082 |b Ngh300 
088 |a 60380107 
100 |a Quách, Hữu Nghị 
245 0 |a Phòng, chống tội lạm dụng tín nhiệm chiếm đoạt tài sản trên địa bàn tỉnh Cà Mau : 
245 0 |b Luận văn thạc sĩ luật học. Chuyên ngành Luật kinh tế 
245 0 |c Quách Hữu Nghị ; Nguyễn Hạnh (Cán bộ hướng dẫn) 
260 |a Cần Thơ 
260 |b Trường Đại học Cần Thơ 
260 |c 2015 
520 |a Đề tài hệ thống hóa cơ sở lý luận, đánh giá thực trạng về tình hình tội lạm dụng tín nhiệm chiếm đoạt tài sản và đề xuất giải pháp phòng chống tội này. 
650 |a Corruption,Tội tham nhũng 
904 |i Khoa 
980 |a Trung tâm Học liệu Trường Đại học Cần Thơ